000 01227nam a2200325 i 4500
001 018430149
003 Uk
005 20251118122622.0
008 170707s2017 enka b 001|0|eng|d
020 _a9781119952381
_qpaperback
040 _aStDuBDS
_beng
_cStDuBDS
_erda
_dMY-SjTCS
082 0 4 _a547.0078
_bCRA 2017
100 1 _aCranwell, Philippa B.,
_d1985-
_eauthor.
_9308707
245 1 0 _aExperimental organic chemistry /
_cPhilippa B. Cranwell, Laurence M. Harwood, Christopher J. Moody.
250 _aThird edition.
264 1 _aChichester, West Sussex :
_bJohn Wiley & Sons Ltd,
_c[2017]
264 4 _c©2017
300 _axiii, 671 pages :
_billustrations ;
_c25 cm
336 _atext
_2rdacontent
336 _astill image
_2rdacontent
337 _aunmediated
_2rdamedia
338 _avolume
_2rdacarrier
500 _aPrevious edition: published as by Laurence M. Harwood. 1999.
504 _aIncludes bibliographical references and indexes.
650 0 _aChemistry, Organic
_vLaboratory manuals
_934803
700 1 _aHarwood, Laurence M.,
_eauthor.
_945186
700 1 _aMoody, Christopher J.,
_eauthor.
_947457
700 1 _aHarwood, Laurence M.
_tExperimental organic chemistry.
920 _aSOP : 339626
999 _c192967